000 01175nam2a22002531 4500
001 rc\4282941
005 20250611150015.0
021 _aRU
_bРг7707-66
021 _aRU
_b66-66859
035 _a(NLR Aleph) 008247191
090 _a8313012
_c8313012
100 _a20130416d1966 |||y0rusy50 ca
101 0 _arus
102 _aRU
105 _aa z |||||
200 0 _aЧ. 1
210 _d1966
_aБ. м.
215 _a200 с.
_cил.
461 0 _1001rc\4282940
_12001#$aКонспект лекций по патологической физиологии$fУн-т дружбы народов им. Патриса Лумумбы. Кафедра патол. физиологии$vЧ. 1
_1700#1$aБеслекоев$bТ.И.$gТимофей Иванович
_98313007
_aБеслекоев, Т.И.
_cМосква
_d1966
_e2-е изд. Ч. 1-
_fУн-т дружбы народов им. Патриса Лумумбы. Кафедра патол. физиологии
_nБ. и.
_tКонспект лекций по патологической физиологии
_vЧ. 1
801 0 _aRU
_bNLR
_gpsbo
801 1 _aRU
_bELAR
_2rusmarc
852 _aNLR
_j66-3/5677
942 _cBOOK
980 _aNB